000 00552nam a2200169 i 4500
001 55674
003 ES-MaACL
005 20230906163208.0
007 t|
008 030925s1962 ag ||||1| spa d
100 1 _aVignes Rouges, Jean des.
_9114652
245 1 0 _aCómo practicar la curación por el espíritu /
_cJean des Vignes Rouges ; traducción de Julio Hernández Ibáñez.
260 _aBuenos Aires :
_bCosmos,
_c[1962]
300 _a252 p. ;
_c21 cm.
700 1 _aHernández Ibáñez, Julio.
_962964
852 _aES-MaACL
_jC-22916
_bR.51547
999 _c55674
_d55674